[Event "IECG CA.2005.0.00146"]
[Site "IECG email"]
[Date "2005.02.20"]
[Round "1"]
[White "Vieira, Fernando Fons A"]
[Black "Schubert, Steffen"]
[Result "0-1"]
[WhiteElo "2051"]
[BlackElo "2104"]
[PlyCount "44"]
[EventDate "2005.02.20"]
[EventType "tourn (corr)"]
[EventRounds "6"]
[SourceTitle "Corr 2008"]
[Source "ChessBase"]
[SourceDate "2008.06.24"]
[SourceVersion "1"]
[SourceVersionDate "2008.06.24"]
[SourceQuality "1"]

1. Nf3 Nf6 2. c4 e6 3. g3 d5 4. d4 dxc4 5. Bg2 c5 6. Qa4+ Nbd7 7. Qxc4 a6 8. Qc2 b5 9. a4 Bb7 10. 0-0 cxd4 11. axb5 axb5 12. Rxa8 Qxa8 13. Qb3 b4 14. Bd2 Bd5 15. Qd3 e5 16. Qb5 Qb7 17. Qxb7 Bxb7 18. Rc1 Nd5 19. Nh4 Kd8 20. e3 dxe3 21. Bxe3 g6 22. Ba7 Ke7 0-1

[Event "CFriend RH-2005-0-00023 email"]
[Site "Chessfriend.com"]
[Date "2005.02.12"]
[Round "1"]
[White "Vieira, Fernando Fons A"]
[Black "Oppezzo, Sebastian"]
[Result "1-0"]
[WhiteElo "1981"]
[BlackElo "2099"]
[PlyCount "67"]
[EventDate "2005.02.12"]
[EventType "tourn (corr)"]
[EventRounds "6"]
[SourceTitle "Corr 2008"]
[Source "ChessBase"]
[SourceDate "2008.06.24"]
[SourceVersion "1"]
[SourceVersionDate "2008.06.24"]
[SourceQuality "1"]

1. Nf3 c5 2. c4 Nc6 3. Nc3 g6 4. g3 Bg7 5. Bg2 e6 6. 0-0 Nge7 7. a3 0-0 8. Rb1 d5 9. cxd5 exd5 10. d3 b6 11. Bd2 Re8 12. b4 Rb8 13. bxc5 bxc5 14. Rxb8 Nxb8 15. Qc2 Bg4 16. h3 Bxf3 17. Bxf3 Nbc6 18. Qa4 Qd7 19. Rc1 Bxc3 20. Bxc3 Ne5 21. Qxd7 Nxd7 22. e3 Kf8 23. Rb1 Rb8 24. Rxb8+ Nxb8 25. Be5 Nd7 26. Bd6 c4 27. Bxd5 cxd3 28. Kf1 Nb6 29. Bc6 Nc4 30. Bc5 Nd2+ 31. Ke1 Nb1 32. a4 f5 33. a5 Kf7 34. Bb7 1-0

[Event "IECC CL2-1999.16"]
[Site "IECC email"]
[Date "1999.04.16"]
[Round "?"]
[White "Vieira, Fernando Fons A"]
[Black "Scheuermann, Bernhard"]
[Result "0-1"]
[WhiteElo "2051"]
[BlackElo "2031"]
[PlyCount "30"]
[EventDate "1999.??.??"]
[EventType "tourn (corr)"]
[EventRounds "4"]
[SourceTitle "Corr 2008"]
[Source "ChessBase"]
[SourceDate "2008.06.24"]
[SourceVersion "1"]
[SourceVersionDate "2008.06.24"]
[SourceQuality "1"]

1. e4 c5 2. Nf3 d6 3. d4 cxd4 4. Nxd4 Nf6 5. Nc3 a6 6. Be3 e5 7. Nb3 Be6 8. f3 Be7 9. Qd2 Nbd7 10. 0-0-0 b5 11. g4 Nb6 12. g5 Nfd7 13. h4 0-0 14. Be2 Nc4 15. Bxc4 bxc4 0-1